Zvyšovanie kvality výrobkov, prác a služieb : Seminár

Na minha lista:
Detalhes bibliográficos
Formato: Livro
Idioma:eslovaco
Publicado em: Bratislava : Dom techniky ČSVTS, 1984
Edição:1.vyd.
Assuntos:
Tags: Adicionar Tag
Sem tags, seja o primeiro a adicionar uma tag!

MARC

LEADER 00000nam a22000003a 4500
001 stu45221
005 20150408175922.8
008 960110s1984----cs------------------slo-d
040 |a STU  |b slo 
041 0 |a slo 
044 |a cs 
080 |a 658.56 
080 |a 658.5(082)  |7 stu_us_auth*stu2418 
245 |a Zvyšovanie kvality výrobkov, prác a služieb :  |b Seminár 
250 |a 1.vyd. 
260 |a Bratislava :  |b Dom techniky ČSVTS,  |c 1984 
300 |a 67 s 
650 7 |a kvalita  |2 stusub 
650 7 |a výrobky  |2 stusub 
650 7 |a zborníky  |2 stusub 
650 7 |a služby  |2 stusub 
996 |b MZ 239  |c M*Z-239  |l MMKN  |s A  |a 24  |w stu45221_0001